IL CARISMA DELLA PROFEZIA IN S. PAOLO E NELLE RIUNIONI DEL RINNOVAMENTO DELLO SPIRITO. (Record n. 265477)
[ formato base ]
| 000 -LEADER | |
|---|---|
| fixed length control field | 01258nam a2200229Ia 4500 |
| 001 - CONTROL NUMBER | |
| control field | L231-6295 |
| 003 - CONTROL NUMBER IDENTIFIER | |
| control field | IT-CnALBA |
| 008 - FIXED-LENGTH DATA ELEMENTS--GENERAL INFORMATION | |
| fixed length control field | 170116s9999||||xx |||||||||||||| ||und|| |
| 040 ## - CATALOGING SOURCE | |
| Original cataloging agency | IT-CnALBA |
| Transcribing agency | IT-CnALBA |
| 041 ## - LANGUAGE CODE | |
| Language code of text/sound track or separate title | ITALIANO |
| 999 ## - SYSTEM CONTROL NUMBERS (KOHA) | |
| Koha Dewey Subclass [OBSOLETE] | NO |
| 100 ## - MAIN ENTRY--PERSONAL NAME | |
| Personal name | GRASSO DOMENICO, SJ. |
| 245 #0 - TITLE STATEMENT | |
| Title | IL CARISMA DELLA PROFEZIA IN S. PAOLO E NELLE RIUNIONI DEL RINNOVAMENTO DELLO SPIRITO. |
| 250 ## - EDITION STATEMENT | |
| Edition statement | 2a ed. |
| 260 ## - PUBLICATION, DISTRIBUTION, ETC. (IMPRINT) | |
| Place of publication, distribution, etc. | CINISELLO BALSAMO (MI) |
| Name of publisher, distributor, etc. | EDIZIONI PAOLINE |
| Date of publication, distribution, etc. | 1979 [1° Ed.:1978 - Ed.Ling.Originale: 1978] |
| 300 ## - PHYSICAL DESCRIPTION | |
| Extent | 140 p. (prefazione: 5) |
| 500 ## - GENERAL NOTE | |
| General note | LE PROFEZIE NELLE COMUNITÀ APOSTOLICHE. IL PROFETA NELL'ANTICO E NUOVO TESTAMENTO. DOTTRINA DI S. PAOLO. CARISMA DELLA PROFEZIA. IL PROFETA. DISCERNIMENTO DELLA PROFEZIA. ESISTENZA DEL CARISMA DELLA PROFEZIA. USO E ATTUALITÀ DELLA PROFEZIA. |
| 501 ## - WITH NOTE | |
| With note | Società San Paolo EM - Piazza San Paolo, 14 - 12051 ALBA (CN) (non commercial uses only) ® Copyright 2017 |
| 520 ## - SUMMARY, ETC. | |
| Summary, etc. | LE PROFEZIE NELLE COMUNITÀ APOSTOLICHE. IL PROFETA NELL'ANTICO E NUOVO TESTAMENTO. DOTTRINA DI S. PAOLO. CARISMA DELLA PROFEZIA. IL PROFETA. DISCERNIMENTO DELLA PROFEZIA. ESISTENZA DEL CARISMA DELLA PROFEZIA. USO E ATTUALITÀ DELLA PROFEZIA. |
| 650 ## - SUBJECT ADDED ENTRY--TOPICAL TERM | |
| Topical term or geographic name as entry element | DIO TRINITÀ ATTRIBUTI DI DIO |
| 942 ## - ADDED ENTRY ELEMENTS (KOHA) | |
| Koha item type | LIBRO |
| 957 ## - | |
| -- | 1 |
| 999 ## - SYSTEM CONTROL NUMBERS (KOHA) | |
| -- | Copie: 1 |
| Withdrawn status | Lost status | Damaged status | Not for loan | Home library | Current library | Date acquired | Total Checkouts | Full call number | Date last seen | Price effective from | Koha item type | Public note |
|---|---|---|---|---|---|---|---|---|---|---|---|---|
| Buone Condizioni | Not For Loan | ALBA - Biblioteca | ALBA - Biblioteca | 16/01/2017 | L231-6295 | 16/01/2017 | 16/01/2017 | LIBRO | (data import: 16 gennaio 2017) - By Epidotti, Vaglietti. |